Lengyel professzor Szegeden

Elmentve itt :
Bibliográfiai részletek
Dokumentumtípus: Cikk
Megjelent: 1978-10-03
Sorozat:Délmagyarország 68 No. 233
Kulcsszavak:Wróblewski, J., tudósok látogatásai
Online Access:http://dmarchiv.bibl.u-szeged.hu/101641
LEADER 00423nab a2200145 i 4500
001 delm101641
005 20190516092448.0
008 190516s1978 hu o 0|| hun d
040 |a SZTE Délmagyarország Archívum  |b hun 
041 |a hun 
245 0 0 |a Lengyel professzor Szegeden  |h [elektronikus dokumentum] 
260 |c 1978-10-03 
300 |a 8 
490 0 |a Délmagyarország  |v 68 No. 233 
695 |a Wróblewski, J., tudósok látogatásai